| 000 | 00752nam a22002057a 4500 | ||
|---|---|---|---|
| 003 | OSt | ||
| 005 | 20250819160610.0 | ||
| 008 | 241009b |||||||| |||| 00| 0 eng d | ||
| 040 | _c0 | ||
| 082 | _aDPer 613.705 J826 January-December 2020 v. 91 n. 1-9 | ||
| 100 |
_aFlick, Lori. _eauthor. _962612 |
||
| 245 |
_a''Ten and under tennis'' for all ages! / _cLori Flick. |
||
| 260 |
_aVirginia ; _bAmerican Alliance for Health , _cApril 2020. |
||
| 300 |
_aVolume 91, pages 46-48 : _billustration ; _c28 cm. |
||
| 500 | _aThe Journal of Physical Education Recreation & Dance, vol. 91, no. 4, pages 46-48, April 2020. | ||
| 650 | 0 |
_aPhysical education. _950439 |
|
| 650 | 0 |
_aTeachers. _943222 |
|
| 700 |
_aFlick, Lori. _eauthor. _962612 |
||
| 942 |
_2ddc _cPER |
||
| 999 |
_c22387 _d22387 |
||